Every SCP in SCP: Unity - Statistics

General Stats
  • This quiz has been taken 5 times
  • The average score is 15 of 30
Answer Stats
Answer % Correct
SCP-049
100%
SCP-106
100%
SCP-173
100%
SCP-939
100%
Crystal Duck
50%
Duckiplier
50%
Flamingo
50%
Ghost Duck
50%
Sax Duck
50%
SCP-1079
50%
SCP-131-A
50%
SCP-131-B
50%
SCP-1499
50%
SCP-169
50%
SCP-1762
50%
SCP-178
50%
SCP-178-1
50%
SCP-207
50%
SCP-3000
50%
SCP-330
50%
SCP-500
50%
SCP-553
50%
SCP-650
50%
SCP-714
50%
SCP-983
50%
Disco Duck
0%
SCP-1155
0%
SCP-1176
0%
SCP-914
0%
X-Ray Duck
0%
No matching quizzes found
Score Distribution
Percent of People with Each Score
Percentile by Number Answered
Your Score History
You have not taken this quiz